00547nam a2200133Ia 4500008004100000020001800041100006100059245010000120260003900220650001200259856005000271999001900321952007300340171212s9999 xx 000 0 und d a9781925261202 aBourman, Robert P.;Murray-Wallace, Colin V.;Harvey, Nick cBourman, Robert P.;Murray-Wallace, Colin V.;Harvey, NickaCoastal Landscapes of South Australia bUniversity of Adelaide Pressc2016 aGeology uhttp://jstor.org/stable/10.20851/j.ctt1sq5wk8 c352909d352909 001040aCLbCLd2017-12-12l0r2017-12-12 00:00:00w2017-12-12yCBE